Investigation of Candida parapsilosis virulence regulatory factors during host-pathogen interaction

Invasive candidiasis is among the most life-threatening infections in patients in intensive care units. Although Candida albicans is the leading cause of candidaemia, the incidence of Candida parapsilosis infections is also rising, particularly among the neonates. Due to differences in their biology...

Teljes leírás

Elmentve itt :
Bibliográfiai részletek
Szerzők: Tóth Renáta
Cabral Vitor
Thuer Ernst
Bohner Flóra
Németh Tibor Mihály
Papp Csaba Gergő
Nimrichter Leonardo
Molnár Gergő
Vágvölgyi Csaba
Gabaldón Toni
Nosanchuk Joshua D.
Gácser Attila
Dokumentumtípus: Cikk
Megjelent: Nature Publishing Group 2018
Sorozat:SCIENTIFIC REPORTS 8
doi:10.1038/s41598-018-19453-4

mtmt:3323407
Online Access:http://publicatio.bibl.u-szeged.hu/13059
LEADER 02674nab a2200337 i 4500
001 publ13059
005 20200124104141.0
008 180306s2018 hu o 0|| zxx d
022 |a 2045-2322 
024 7 |a 10.1038/s41598-018-19453-4  |2 doi 
024 7 |a 3323407  |2 mtmt 
040 |a SZTE Publicatio Repozitórium  |b hun 
041 |a zxx 
100 1 |a Tóth Renáta 
245 1 0 |a Investigation of Candida parapsilosis virulence regulatory factors during host-pathogen interaction  |h [elektronikus dokumentum] /  |c  Tóth Renáta 
260 |a Nature Publishing Group  |c 2018 
300 |a Azonosító: 1346-Terjedelem: 14 p. 
490 0 |a SCIENTIFIC REPORTS  |v 8 
520 3 |a Invasive candidiasis is among the most life-threatening infections in patients in intensive care units. Although Candida albicans is the leading cause of candidaemia, the incidence of Candida parapsilosis infections is also rising, particularly among the neonates. Due to differences in their biology, these species employ different antifungal resistance and virulence mechanisms and also induce dissimilar immune responses. Previously, it has been suggested that core virulence effecting transcription regulators could be attractive ligands for future antifungal drugs. Although the virulence regulatory mechanisms of C. albicans are well studied, less is known about similar mechanisms in C. parapsilosis. In order to search for potential targets for future antifungal drugs against this species, we analyzed the fungal transcriptome during host-pathogen interaction using an in vitro infection model. Selected genes with high expression levels were further examined through their respective null mutant strains, under conditions that mimic the host environment or influence pathogenicity. As a result, we identified several mutants with relevant pathogenicity affecting phenotypes. During the study we highlight three potentially tractable signaling regulators that influence C. parapsilosis pathogenicity in distinct mechanisms. During infection, CPAR2_100540 is responsible for nutrient acquisition, CPAR2_200390 for cell wall assembly and morphology switching and CPAR2_303700 for fungal viability. 
700 0 1 |a Cabral Vitor  |e aut 
700 0 1 |a Thuer Ernst  |e aut 
700 0 1 |a Bohner Flóra  |e aut 
700 0 1 |a Németh Tibor Mihály  |e aut 
700 0 1 |a Papp Csaba Gergő  |e aut 
700 0 1 |a Nimrichter Leonardo  |e aut 
700 0 1 |a Molnár Gergő  |e aut 
700 0 1 |a Vágvölgyi Csaba  |e aut 
700 0 1 |a Gabaldón Toni  |e aut 
700 0 1 |a Nosanchuk Joshua D.  |e aut 
700 0 1 |a Gácser Attila  |e aut 
856 4 0 |u http://publicatio.bibl.u-szeged.hu/13059/1/s41598_018_19453_4_u.pdf  |z Dokumentum-elérés